NBA 30 Points Per Game Players by Team - Statistics

General Stats
  • This quiz has been taken 690 times
    44 since last reset
  • The average score is 17 of 20
Answer Stats
Team Players % Correct
Celtics Jayson Tatum
100%
Bucks Kareem Abdul-Jabbar | Giannis Antetokounmpo
100%
Cavaliers LeBron James
100%
Bulls Michael Jordan
100%
76ers Wilt Chamberlain | Allen Iverson | Joel Embiid
100%
Thunder Kevin Durant | Russell Westbrook | Shai Gilgeous-Alexander
95%
Trail Blazers Damian Lillard
93%
Heat Dwyane Wade
93%
Rockets James Harden | Moses Malone
93%
Lakers Kobe Bryant | Elgin Baylor | Jerry West | Luka Dončić
93%
Mavericks Luka Dončić
93%
Warriors Wilt Chamberlain | Rick Barry | Stephen Curry
93%
Jazz Pete Maravich | Karl Malone | Adrian Dantley
90%
Hawks Dominique Wilkins | Bob Pettit
83%
Wizards Walt Bellamy | Bradley Beal
83%
Kings Nate Archibald | Oscar Robertson | Jack Twyman
78%
Spurs George Gervin
73%
Magic Tracy McGrady
68%
Clippers Bob McAdoo | World B. Free
59%
Knicks Bernard King
51%
No matching quizzes found
Score Distribution
Percent of People with Each Score
Percentile by Number Answered
Your Score History
You have not taken this quiz since the last reset